| 000 | 00529nam a2200169Ia 4500 | ||
|---|---|---|---|
| 003 | SGT | ||
| 020 | _a9780198065555 | ||
| 082 |
_a621.381548 _bBEL |
||
| 100 | _aBell,David A | ||
| 245 | _aElectronic instrumentation and measurements | ||
| 250 | _a2nd Ed. | ||
| 260 |
_bOxford University Press _aN.Delhi _c2011 |
||
| 300 | _a451p. | ||
| 650 | _aELECTRONIC ENGINEERING | ||
| 653 | _aDIMENSIONS AND STANDARDS, MEASUREMENT ERRORS,ELECTRO MECHANICAL INSTRUMENTS DIGITAL INSTRUMENT BASICS,CATHODE-RAY OSCILLOSCOPES | ||
| 942 |
_2ddc _cBK |
||
| 999 |
_c5408 _d5408 |
||